Which Rappers Song - Statistics

General Stats
  • This quiz has been taken 133 times
  • The average score is 7 of 15
Answer Stats
Question Answer % Correct
Dont like Chief Keef
93%
90210 Travis Scott
89%
Yale Ken Carson
67%
Love Scars Trippie Redd
59%
Hot Young Thug
59%
SkeeYee Sexxy Red
52%
WESPN Sheck Wes
48%
Shootouts in Soho Westside Gunn
48%
Bubbly Young Thug
48%
Hillbillies Kendrick Lamar & Baby Keem
41%
Baby Pluto Lil Uzi Vert
37%
U.O.E.N.O. Rocko
30%
Range Brothers Baby Keem
26%
Stuntman Tyler the Creator
26%
Fine China Lil Uzi Vert
15%
No matching quizzes found
Score Distribution
Percent of People with Each Score
Percentile by Number Answered
Your Score History
You have not taken this quiz